Pays par émojis - Statistiques

Statistiques générales
  • Ce quiz a été pris 148 fois
    119 depuis la dernière actualisation
  • Le résultat moyen est 15 sur 20
Statistiques - réponses
Hint Réponse % Correct
🗼🥖 France
100%
🍝🍕 Italie
100%
🐂💃 Espagne
99%
🍁 Canada
98%
🦘🌏 Australie
97%
🐼🥢 Chine
97%
🏯🍣 Japon
94%
🦅🌮 Mexique
90%
🍺🥨 Allemagne
88%
🐘🕌 Inde
82%
🌷🚲 Pays-Bas
80%
⚽☕ Brésil
74%
🐫🏜️ Maroc
74%
🏔️⛷️ Suisse
69%
🐑🏉 Nouvelle-Zélande
52%
🕌🐪 Égypte
51%
🐟❄️ Norvège
51%
🧊🌋 Islande
45%
🧉⚽ Argentine
42%
🦁🌍 Kenya
25%
Aucun quiz correspondant
Distribution des résultats
% des personnes avec chaque résultat
Percentile par nombre de réponses
Votre historique - résultats
Vous n’avez pas pris ce quiz depuis la dernière actualisation